000 00627nam a2200241Ia 4500
003 OSt
005 20220924145812.0
006 a|||||r|||| 00| 0
007 ta
008 220923b |||||||| |||| 00| 0 per d
024 _a330300
037 _cTextual
040 _aARTS
_cARTS
_bper
041 _2per
_aper
082 _aQ7:(R)vE3, 164J1
100 _aSaffa Zabihullah Au.
245 0 _aUmoom-e-aqli dar tamaddun-e-islami
260 _c1951
650 _a ISLAMIC PHILOSOPHY
650 _aHISTORY
942 _hQ7:(R)vE3, 164J1
_cTEXL
_2CC
999 _c461198
_d461198